000 00461nmm a2200157Ia 4500
008 251105s9999||||xx |||||||||||||||||und||
020 _a9788415260493
041 _aspa
100 _aHusserl, Edmund
245 0 _aRenovación del hombre y de la cultura. Cinco ensayos
264 _a[Madrid, España] :
_bAnthropos,
_c2012
300 _a108 páginas
650 _aPhilosophy, Ethics
856 _uhttps://public.digitaliapublishing.com/a/19771
942 _cCF
999 _c76628
_d76628